Catálogo
 En Linea

El libro de la magia divina / (Registro nro. 22624)

Detalles MARC
000 -CABECERA
campo de control de longitud fija 00651nam a2200217 a 4500
001 - NÚMERO DE CONTROL
campo de control 000023127
005 - FECHA Y HORA DE LA ÚLTIMA TRANSACCIÓN
campo de control 20200930022015.0
008 - DATOS DE LONGITUD FIJA--INFORMACIÓN GENERAL
campo de control de longitud fija 101126s1993 fr r 000 0 spa d
020 ## - NÚMERO INTERNACIONAL ESTÁNDAR DEL LIBRO
Número Internacional Estándar del Libro 2855664845
ISBN cancelado o inválido 02904160
040 ## - FUENTE DE LA CATALOGACIÓN
Centro catalogador/agencia de origen DO-SdBNP
Lengua de catalogación spa
Centro/agencia transcriptor BNPHU
082 ## - NÚMERO DE LA CLASIFICACIÓN DECIMAL DEWEY
Número de clasificación xxxx
Número de documento/Ítem A311l
049 ## - FONDOS LOCALES (OCLC)
Fondos de biblioteca BNGR
100 1# - ENTRADA PRINCIPAL--NOMBRE DE PERSONA
Nombre de persona Aivanhov, Omraam Mikhael
Forma completa/desarrollada del nombre Aïvanhov, omraam Mikhaël
9 (RLIN) 47614
245 13 - MENCIÓN DE TÍTULO
Título El libro de la magia divina /
Mención de responsabilidad, etc. Omraam Mikhaël Aïvanhov.
250 ## - MENCIÓN DE EDICIÓN
Mención de edición 3a ed.
260 ## - PUBLICACIÓN, DISTRIBUCIÓN, ETC.
Lugar de publicación, distribución, etc. Fréjus, Francia :
Nombre del editor, distribuidor, etc. Prosveta,
Fecha de publicación, distribución, etc. 1993.
300 ## - DESCRIPCIÓN FÍSICA
Extensión 208 p. ;
Dimensiones 18 cm.
490 1# - MENCIÓN DE SERIE
Mención de serie Izvor ;
Designación de volumen o secuencia 226
534 ## - NOTA SOBRE LA VERSIÓN ORIGINAL
Encabezamiento principal del original Le livre de la magie divine.
830 #0 - PUNTO DE ACCESO ADICIONAL DE SERIE-TÍTULO UNIFORME
Título uniforme Izvor ;
Número de parte o sección de la obra 226
9 (RLIN) 47615
Existencias
Estado de retiro Estado de pérdida Restricciones de uso No para préstamo Código de colección Localización permanente Ubicación/localización actual Ubicación en estantería Fecha de adquisición Número de inventario Total de préstamos Signatura topográfica completa Código de barras Fecha visto por última vez Precio válido a partir de Tipo de ítem Koha
        Monografías: Libros y Folletos General General En catalogación 26.11.2010 LF1   xxxx A311l 23127-10 25.06.2020 25.06.2020 Préstamo en sala

Con tecnología Koha